[Event "HUN-chT2 Szechenyi 1718"]
[Site "Hungary"]
[Date "2018.03.25"]
[Round "8.9"]
[White "Kaufmann, Attila"]
[Black "Kadem, Aziz"]
[Result "1/2-1/2"]
[WhiteElo "1958"]
[BlackElo "1658"]
[PlyCount "96"]
[EventDate "2017.10.29"]
[EventType "team-tourn"]
[EventRounds "9"]
[EventCountry "HUN"]
[SourceTitle "EXT 2021"]
[Source "ChessBase"]
[SourceDate "2020.10.23"]
[SourceVersion "1"]
[SourceVersionDate "2020.10.23"]
[SourceQuality "1"]
[WhiteTeam "Ajka Banyasz"]
[BlackTeam "Veszprem Ezust Huszar"]
[WhiteTeamCountry "HUN"]
[BlackTeamCountry "HUN"]

1. d4 d5 2. Nf3 e6 3. c4 c5 4. e3 Nf6 5. Nc3 Nc6 6. Be2 Be7 7. 0-0 0-0 8. b3 cxd4 9. exd4 b6 10. Bb2 Bb7 11. a3 Rc8 12. Qd3 Na5 13. cxd5 Nxb3 14. dxe6 Nxa1 15. exf7+ Rxf7 16. Rxa1 Nd5 17. Ne5 Rf8 18. Bg4 Nf4 19. Qd1 Bxg2 20. Qb3+ Bd5 21. Nxd5 Qxd5 22. Qxd5+ Nxd5 23. Be6+ Kh8 24. Bxd5 Rc2 25. Nd3 Rd2 26. Be4 Bh4 27. f3 Bf6 28. Kh1 Re8 29. Bc3 Rxe4 30. Bxd2 Rxd4 31. Re1 h6 32. Re3 Bg5 33. f4 Bxf4 34. Re8+ Kh7 35. Bxf4 Rxd3 36. Re3 Rd4 37. Bb8 Ra4 38. Re7 a6 39. Be5 Rg4 40. Re6 Rg6 41. Rxg6 Kxg6 42. Bd4 b5 43. Kg2 Kf7 44. Kf3 g5 45. Ke4 Ke6 46. Be3 Kf6 47. Kd5 a5 48. Ke4 b4 1/2-1/2

[Event "HUN-chT2 Szechenyi 1617"]
[Site "Hungary"]
[Date "2016.10.30"]
[Round "3.12"]
[White "Alexandrova, Angelina"]
[Black "Kadem, Aziz"]
[Result "1/2-1/2"]
[WhiteElo "1447"]
[BlackElo "1602"]
[PlyCount "75"]
[EventDate "2016.09.25"]
[EventType "team-tourn"]
[EventRounds "11"]
[EventCountry "HUN"]
[SourceTitle "EXT 2021"]
[Source "ChessBase"]
[SourceDate "2020.10.23"]
[SourceVersion "1"]
[SourceVersionDate "2020.10.23"]
[SourceQuality "1"]
[WhiteTeam "Keszthely Spartacus"]
[BlackTeam "Veszprem Ezust Huszar"]
[WhiteTeamCountry "HUN"]
[BlackTeamCountry "HUN"]

1. e4 e6 2. d4 d5 3. e5 c5 4. c3 Nc6 5. Nf3 Qb6 6. Be2 cxd4 7. cxd4 Nh6 8. Nc3 Nf5 9. Na4 Qa5+ 10. Bd2 Bb4 11. Bc3 b5 12. a3 Bxc3+ 13. Nxc3 b4 14. Qa4 Qxa4 15. Nxa4 Nfxd4 16. Nxd4 Nxd4 17. Kd1 Nb3 18. Ra2 bxa3 19. Rxa3 Bd7 20. Rxb3 Bxa4 21. Bb5+ Bxb5 22. Rxb5 0-0 23. Kd2 Rab8 24. Rxb8 Rxb8 25. Kc3 a5 26. Ra1 Rb5 27. Ra3 Kf8 28. Rb3 Rxb3+ 29. Kxb3 Ke7 30. Ka4 Kd7 31. Kxa5 Kc6 32. b4 Kb7 33. b5 f6 34. f4 f5 35. g4 g6 36. g5 Ka7 37. b6+ Kb7 38. Kb5 1/2-1/2

[Event "HUN-chT2 Szechenyi 1415"]
[Site "Hungary"]
[Date "2015.03.22"]
[Round "10.10"]
[White "Kadem, Aziz"]
[Black "Barasits, Balint"]
[Result "0-1"]
[WhiteElo "1557"]
[BlackElo "1553"]
[PlyCount "110"]
[EventDate "2014.09.07"]
[EventType "team-tourn"]
[EventRounds "11"]
[EventCountry "HUN"]
[SourceTitle "EXT 2016"]
[Source "ChessBase"]
[SourceDate "2015.10.08"]
[SourceVersion "1"]
[SourceVersionDate "2015.10.08"]
[SourceQuality "1"]
[WhiteTeam "Veszprem"]
[BlackTeam "Arboretum"]
[WhiteTeamCountry "HUN"]
[BlackTeamCountry "HUN"]

1. e4 e5 2. Nf3 Nf6 3. Nxe5 d6 4. Nf3 Nxe4 5. Bc4 d5 6. Bb3 Bf5 7. d3 Nf6 8. 0-0 Be7 9. Re1 0-0 10. Bf4 Bd6 11. Bg5 c6 12. d4 Nbd7 13. Ne5 Qc7 14. f4 Ne4 15. c4 Nxe5 16. fxe5 Nxg5 17. exd6 Qxd6 18. cxd5 cxd5 19. Re5 Qg6 20. Kh1 Be4 21. Bxd5 Bxd5 22. Rxd5 Ne4 23. Qf3 Rad8 24. Nc3 Nxc3 25. bxc3 Rc8 26. Rc1 Qe6 27. a4 Rxc3 28. Qxc3 Qxd5 29. h3 Rd8 30. Rd1 h6 31. Qc7 Qd7 32. Qc4 Qc6 33. Qb3 Qd5 34. Qb4 Rc8 35. Qe7 Rc2 36. Rg1 Rd2 37. Qe8+ Kh7 38. Qb8 a6 39. Qc7 Rxd4 40. Qc1 Rxa4 41. Re1 Ra2 42. Rg1 b5 43. Qb1+ g6 44. Qe1 a5 45. Qg3 b4 46. Rb1 Ra3 47. Qg4 b3 48. Rd1 Qe6 49. Qf3 Ra2 50. Rb1 b2 51. Qb7 a4 52. Kh2 Qe5+ 53. g3 Kg7 54. h4 a3 55. Rf1 b1Q+ 0-1

[Event "HUN-chT2 Szechenyi 1415"]
[Site "Hungary"]
[Date "2015.01.25"]
[Round "7.10"]
[White "Szittar, Antal"]
[Black "Kadem, Aziz"]
[Result "1/2-1/2"]
[WhiteElo "1940"]
[BlackElo "1557"]
[PlyCount "130"]
[EventDate "2014.09.07"]
[EventType "team-tourn"]
[EventRounds "11"]
[EventCountry "HUN"]
[SourceTitle "EXT 2016"]
[Source "ChessBase"]
[SourceDate "2015.10.08"]
[SourceVersion "1"]
[SourceVersionDate "2015.10.08"]
[SourceQuality "1"]
[WhiteTeam "Keszthely"]
[BlackTeam "Veszprem"]
[WhiteTeamCountry "HUN"]
[BlackTeamCountry "HUN"]

1. e4 e6 2. d4 d5 3. exd5 exd5 4. Nf3 Bd6 5. Be2 Bg4 6. Be3 Nf6 7. 0-0 0-0 8. Nbd2 Nbd7 9. c4 dxc4 10. Nxc4 Nb6 11. Nxd6 Qxd6 12. h3 Bh5 13. Rc1 c6 14. Ne5 Bxe2 15. Qxe2 Nbd5 16. Rfd1 Nd7 17. Nc4 Qc7 18. Qg4 f5 19. Qf3 Rae8 20. Na3 Qb8 21. Bd2 N7b6 22. Re1 g6 23. Bh6 Rxe1+ 24. Rxe1 Re8 25. Nc2 Nc4 26. b3 Nd6 27. Qg3 Rxe1+ 28. Nxe1 Qc7 29. f3 Nb5 30. Qf2 Qe7 31. Nc2 Nbc3 32. a3 Qd6 33. Qe1 Qe7 34. Qxe7 Nxe7 35. Kf2 Ned5 36. Ke1 Kf7 37. Kd2 b5 38. Kd3 Ke6 39. Bd2 Nb1 40. Bc1 Nbc3 41. Bd2 Nb1 42. Bc1 Nbc3 43. Ne1 f4 44. Kd2 Nb1+ 45. Kc2 Nbc3 46. Bxf4 Nxf4 47. Kxc3 a5 48. Kd2 Kd5 49. Ke3 g5 50. h4 h6 51. hxg5 hxg5 52. g3 Ne6 53. Nc2 c5 54. dxc5 Nxc5 55. Nd4 b4 56. axb4 axb4 57. f4 g4 58. Nc2 Nxb3 59. Nxb4+ Ke6 60. Nd3 Na5 61. Ke4 Nb7 62. f5+ Kf6 63. Kf4 Nd6 64. Nf2 Nxf5 65. Nxg4+ Ke6 1/2-1/2

[Event "HUN-chT2 Szechenyi 1314"]
[Site "Hungary"]
[Date "2013.09.22"]
[Round "2.10"]
[White "Kiss, Laszlo3333"]
[Black "Kadem, Aziz"]
[Result "1-0"]
[WhiteElo "1687"]
[BlackElo "1575"]
[PlyCount "43"]
[EventDate "2013.09.08"]
[EventType "team-tourn"]
[EventRounds "11"]
[EventCountry "HUN"]
[SourceTitle "EXT 2016"]
[Source "ChessBase"]
[SourceDate "2015.10.08"]
[SourceVersion "1"]
[SourceVersionDate "2015.10.08"]
[SourceQuality "1"]
[WhiteTeam "Arboretum"]
[BlackTeam "Veszprem"]
[WhiteTeamCountry "HUN"]
[BlackTeamCountry "HUN"]

1. c4 d5 2. cxd5 Qxd5 3. Nc3 Qd8 4. d4 e6 5. Nf3 Nf6 6. e3 Bb4 7. Bd2 Nd5 8. Bc4 Nc6 9. 0-0 Bd7 10. Nxd5 exd5 11. Bxd5 Bd6 12. Qb3 Qf6 13. Bc3 Qf5 14. e4 Qh5 15. e5 Be7 16. Bxc6 bxc6 17. Qb7 0-0 18. Qxc7 Rfd8 19. Rfe1 Qf5 20. Qa5 a6 21. e6 Bxe6 22. Qxf5 1-0